Geography Quiz

Random Geography or World Quiz

6-Letter Cities A-Z on a Map Quiz Stats

 Plays Quiz Updated Jun 22, 2016

Challenge
Share
Tweet
Score 0/26 Timer 04:00
0 Plays Today
% Correct
Boston
95.8%
Dublin
91%
Havana
84.8%
Ottawa
83%
Sydney
83%
Ankara
81.5%
Warsaw
80.9%
Manila
74.7%
Prague
72.6%
Verona
71.7%
Tehran
71.6%
El Paso
71.4%
Fresno
66.2%
% Correct
Zagreb
65.5%
Geneva
56.3%
Luanda
44.6%
Nagoya
42.8%
Cairns
38.3%
Jaipur
37%
Kigali
34.3%
Recife
32.6%
Yangon
29.4%
Ürümqi
15.9%
Ibadan
13.9%
Quetta
10.2%
Xiamen
9%

You're not logged in!

Compare scores with friends on all Sporcle quizzes.
Join for Free
OR
Log In

You Might Also Like...

Show Comments

Extras

Top Quizzes Today


Score Distribution

Your Account Isn't Verified!

In order to create a playlist on Sporcle, you need to verify the email address you used during registration. Go to your Sporcle Settings to finish the process.

Report this User

Report this user for behavior that violates our Community Guidelines.

Details: